000
00236nam a2200097Ia 4500
008
170619s9999 xx 000 0 und d
100
_a
Lakshminarayana- N.V
245
0
_a
Finite Element Analysis
260
_b
UNIVERSITIES PRESS
260
_c
2013
546
_a
ENGLISH
999
_c
21383
_d
21383